000 00208nam a22000977a 4500
999 _c15826
_d15826
003 OSt
008 191022b ||||| |||| 00| 0 eng d
100 _aVivekanandan,G
_94333
245 _aVellimegham
942 _cBK